The secret adversary (Record no. 4999)

000 -LEADER
fixed length control field 01158 a2200289 4500
003 - CONTROL NUMBER IDENTIFIER
control field Nust
005 - DATE AND TIME OF LATEST TRANSACTION
control field 20180720051554.0
008 - FIXED-LENGTH DATA ELEMENTS--GENERAL INFORMATION
fixed length control field 170124b xxu||||| |||| 00| 0 eng d
020 ## - INTERNATIONAL STANDARD BOOK NUMBER
International Standard Book Number 978-0007111466
Terms of availability Rs. 200
038 ## - RECORD CONTENT LICENSOR
Staff Name Arshad
040 ## - CATALOGING SOURCE
Original cataloging agency DLC
Language of cataloging DLC
Transcribing agency Nust
082 00 - DEWEY DECIMAL CLASSIFICATION NUMBER
Classification number 823.912
Author Mark CHR
100 1# - MAIN ENTRY--PERSONAL NAME
Personal name Christie, Agatha,
9 (RLIN) 8918
245 14 - TITLE STATEMENT
Title The secret adversary
Statement of responsibility, etc. by Agatha Christie ; Yvonne Collioud Sisko, editor.
260 ## - PUBLICATION, DISTRIBUTION, ETC.
Place of publication, distribution, etc. London :
Name of publisher, distributor, etc. Harper,
Date of publication, distribution, etc. 1991.
300 ## - PHYSICAL DESCRIPTION
Extent xvii, 400 p. ;
Dimensions 23 cm.
440 #2 - SERIES STATEMENT/ADDED ENTRY--TITLE
Title A Longman annotated edition
9 (RLIN) 11885
500 ## - GENERAL NOTE
General note Includes index.
500 ## - GENERAL NOTE
General note "This is the full and accepted text for this novel"--Pref.
500 ## - GENERAL NOTE
General note A developmental English book which uses the text of Agatha Christie's The secret adversary as a foundation to improve students' reading and writing competencies.
600 10 - SUBJECT ADDED ENTRY--PERSONAL NAME
Personal name Christie, Agatha,
Dates associated with a name 1890-1976.
Title of a work Secret adversary.
9 (RLIN) 11886
650 #0 - SUBJECT ADDED ENTRY--TOPICAL TERM
Topical term or geographic name entry element English language
General subdivision Rhetoric
9 (RLIN) 3245
650 #0 - SUBJECT ADDED ENTRY--TOPICAL TERM
Topical term or geographic name entry element Report writing
9 (RLIN) 3246
700 1# - ADDED ENTRY--PERSONAL NAME
Personal name Sisko, Yvonne Collioud.
9 (RLIN) 11887
856 41 - ELECTRONIC LOCATION AND ACCESS
Materials specified Table of contents only
Uniform Resource Identifier <a href="http://www.loc.gov/catdir/toc/ecip0715/2007014741.html">http://www.loc.gov/catdir/toc/ecip0715/2007014741.html</a>
942 ## - ADDED ENTRY ELEMENTS (KOHA)
Koha item type Book
Call number prefix 823.912 CHR
Source of classification or shelving scheme
Holdings
Withdrawn status Lost status Damaged status Not for loan Collection code Permanent Location Current Location Shelving location Date acquired Source of acquisition Cost, normal purchase price Total Checkouts Full call number Barcode Date last seen Date last checked out Price effective from Koha item type Source of classification or shelving scheme Copy number
          Central Library (CL) Central Library (CL) General Stacks 11/08/2004 Saeed Book Bank 175.50 3 823.912 CHR SEECS005036 09/01/2022 06/13/2022 01/05/2017 Book    
          Central Library (CL) Central Library (CL) Fiction 01/24/2017     1 823.912 CHR CL1299 05/10/2022 12/07/2018 01/24/2017 Book   1
© 2023 Central Library, National University of Sciences and Technology. All Rights Reserved.